Clubs finalistes de la Ligue des Champions - Statistiques

Statistiques générales
  • Ce quiz a été pris 390 fois
  • Le résultat moyen est 47 sur 61
Statistiques - réponses
Année Vainqueur Finaliste % Correct
1958 Real Madrid AC Milan
97%
1993 Olympique de Marseille AC Milan
97%
1995 Ajax Amsterdam AC Milan
97%
2005 Liverpool FC AC Milan
97%
1973 Ajax Amsterdam Juventus FC
96%
1983 Hambourg SV Juventus FC
96%
1997 Borussia Dortmund Juventus FC
96%
1998 Real Madrid Juventus FC
96%
2003 AC Milan Juventus FC
96%
2015 FC Barcelone Juventus FC
96%
1985 Juventus FC Liverpool FC
96%
2007 AC Milan Liverpool FC
96%
2002 Real Madrid Bayer Leverkusen
94%
1974 Bayern Munich Atlético de Madrid
93%
2014 Real Madrid Atlético de Madrid
93%
2016 Real Madrid Atlético de Madrid
93%
1961 SL Benfica FC Barcelone
92%
1986 Steaua Bucarest FC Barcelone
92%
1994 AC Milan FC Barcelone
92%
1967 Celtic Glasgow Inter Milan
92%
1972 Ajax Amsterdam Inter Milan
92%
2008 Manchester United Chelsea FC
91%
2009 FC Barcelone Manchester United
91%
2011 FC Barcelone Manchester United
91%
2013 Bayern Munich Borussia Dortmund
89%
1991 Etoile rouge de Belgrade Olympique de Marseille
89%
1969 AC Milan Ajax Amsterdam
88%
1996 Juventus FC Ajax Amsterdam
88%
1963 AC Milan SL Benfica
88%
1965 Inter Milan SL Benfica
88%
1968 Manchester United SL Benfica
88%
1988 PSV Eidhoven SL Benfica
88%
1990 AC Milan SL Benfica
88%
1962 SL Benfica Real Madrid
86%
1964 Inter Milan Real Madrid
86%
1981 Liverpool FC Real Madrid
86%
2004 FC Porto AS Monaco
85%
1982 Aston Villa Bayern Munich
85%
1987 FC Porto Bayern Munich
85%
1999 Manchester United Bayern Munich
85%
2010 Inter Milan Bayern Munich
85%
2012 Chelsea FC Bayern Munich
85%
2006 FC Barcelone Arsenal FC
84%
1956 Real Madrid Stade de Reims
82%
1959 Real Madrid Stade de Reims
82%
2000 Real Madrid Valence CF
70%
2001 Bayern Munich Valence CF
70%
1976 Bayern Munich AS Saint-Etienne
64%
1970 Feyenoord Rotterdam Celtic Glasgow
60%
1984 Liverpool FC AS Rome
55%
1980 Nottingham Forest Hambourg SV
55%
1989 AC Milan Steaua Bucarest
49%
1966 Real Madrid Partizan Belgrade
34%
1957 Real Madrid AC Fiorentina
33%
1975 Bayern Munich Leeds United
29%
1992 FC Barcelone Sampdoria
29%
1960 Real Madrid Eintracht Francfort
23%
1978 Liverpool FC FC Bruges
22%
1979 Nottingham Forest Malmö FF
20%
1977 Liverpool FC Borussia Mönchengladbach
19%
1971 Ajax Amsterdam Panathinaïkos
15%
Aucun quiz correspondant
Distribution des résultats
% des personnes avec chaque résultat
Percentile par nombre de réponses
Votre historique - résultats
Vous n’avez pas pris ce quiz